Un Segle d'història de Catalunya en fotografies / director de l'obra: Manel Risques i Corbella Manel Risques i Corbella
ISBN:
978-84-412-1936-6
Descripción Física:
2 v. : principalment fot. ; 36 cm
Otros Autores:
Risques Corbella, Manel, dir
Materias:
Catalunya -- Història -- S. XX
MARC
| LEADER | 00000nam a2200000Ia 4500 | ||
|---|---|---|---|
| 001 | 22609, 22610 | ||
| 008 | 160829s2010 xx 000 0 cat d | ||
| 020 | |a 978-84-412-1936-6 (o.c.); 978-84-412-1937-3 (v.1); 978-84-412-1938-0 | ||
| 080 | |a FOL-3-86, FOL-3-87 | ||
| 245 | |a Un Segle d'història de Catalunya en fotografies / director de l'obra: |b Manel Risques i Corbella | ||
| 260 | |a Barcelona : |b Enciclopèdia Catalana, |c 2010 | ||
| 300 | |a 2 v. : |b principalment fot. ; |c 36 cm | ||
| 590 | |a Conté: v.1: Un temps entre el passat i el futur (fins el 1931); v.2: Temps de reforma, guerra i revolució (1931 - 1939). | ||
| 590 | |a S'ha utilitzat el fons de l'Arxiu General de la Diputació de Barcelona | ||
| 651 | 0 | |a Catalunya |x Història |y S. XX |9 55664 | |
| 700 | |a Risques Corbella, Manel, dir. |9 44764 | ||
| 901 | |a Arxiu | ||
| 942 | |n 1 | ||
| 952 | |0 0 |1 0 |4 0 |6 FOL386_FOL387 |7 1 |9 52019 |a Arxiu |b Arxiu |d 2016-12-01 |l 0 |o FOL-3-86, FOL-3-87 |p 22609, 22610 |r 2016-12-01 00:00:00 |w 2016-12-01 |y ARXIU | ||
| 999 | |c 55867 |d 55867 | ||